Your personality prescription : (Запис № 569716)

МАРК-запис
000 -LEADER
fixed length control field 01608cam a22003854a 4500
001 - CONTROL NUMBER
control field yourpersonalityp00wenn
003 - CONTROL NUMBER IDENTIFIER
control field CaSfIA
005 - DATE AND TIME OF LATEST TRANSACTION
control field 20210119124945.0
007 - PHYSICAL DESCRIPTION FIXED FIELD--GENERAL INFORMATION
fixed length control field cr||||
008 - FIXED-LENGTH DATA ELEMENTS--GENERAL INFORMATION
fixed length control field 980914s1999 nyua b 001 0 eng
010 ## - LIBRARY OF CONGRESS CONTROL NUMBER
LC control number 98067475
040 ## - CATALOGING SOURCE
Original cataloging agency DLC
Transcribing agency DLC
Modifying agency BTCTA
-- BAKER
-- YDXCP
-- SINLB
-- IG#
-- CaSfIA
020 ## - INTERNATIONAL STANDARD BOOK NUMBER
International Standard Book Number 1575664011
020 ## - INTERNATIONAL STANDARD BOOK NUMBER
International Standard Book Number 9781575664019
035 ## - SYSTEM CONTROL NUMBER
System control number (OCoLC)41069884
042 ## - AUTHENTICATION CODE
Authentication code pcc
050 00 - LIBRARY OF CONGRESS CALL NUMBER
Classification number RA776.9
Item number .W46 1999
082 00 - DEWEY DECIMAL CLASSIFICATION NUMBER
Classification number 613
Edition number 21
082 04 - DEWEY DECIMAL CLASSIFICATION NUMBER
Classification number 155.2
Edition number 21
029 1# - (OCLC)
OCLC library identifier NZ1
System control number 5414536
029 1# - (OCLC)
OCLC library identifier AU@
System control number 000021122468
029 1# - (OCLC)
OCLC library identifier IG#
System control number 9781575664019
100 1# - MAIN ENTRY--PERSONAL NAME
Personal name Wennik, Roberta Schwartz.
245 10 - TITLE STATEMENT
Title Your personality prescription :
Medium [electronic resource]
Remainder of title optimal health through personality profiling /
Statement of responsibility, etc Roberta Schwartz Wennik.
260 ## - PUBLICATION, DISTRIBUTION, ETC. (IMPRINT)
Place of publication, distribution, etc New York :
Name of publisher, distributor, etc Kensington Books,
Date of publication, distribution, etc c1999.
300 ## - PHYSICAL DESCRIPTION
Extent x, 422 p. :
Other physical details ill. ;
Dimensions 21 cm.
504 ## - BIBLIOGRAPHY, ETC. NOTE
Bibliography, etc Includes bibliographical references (p. [401]-405) and index.
506 ## - RESTRICTIONS ON ACCESS NOTE
Standardized terminology for access restriction Необхідна авторизація на https://archive.org/ (створення облікового запису безкоштовно)
506 ## - RESTRICTIONS ON ACCESS NOTE
Standardized terminology for access restriction Необхідна авторизація на https://openlibrary.org/ (створення облікового запису безкоштовно)
650 #0 - SUBJECT ADDED ENTRY--TOPICAL TERM
Topical term or geographic name as entry element Health behavior.
650 #0 - SUBJECT ADDED ENTRY--TOPICAL TERM
Topical term or geographic name as entry element Myers-Briggs Type Indicator.
856 41 - ELECTRONIC LOCATION AND ACCESS
Uniform Resource Identifier <a href="http://www.archive.org/details/yourpersonalityp00wenn">http://www.archive.org/details/yourpersonalityp00wenn</a>
Public note Free eBook from the Internet Archive
856 42 - ELECTRONIC LOCATION AND ACCESS
Uniform Resource Identifier <a href="http://www.openlibrary.org/books/OL8745456M">http://www.openlibrary.org/books/OL8745456M</a>
Public note Additional information and access via Open Library
942 ## - ADDED ENTRY ELEMENTS (KOHA)
Koha item type ЕКнига

Немає доступних примірників.